00971 2200313 4500001002100000005001500021035002000036007000300056008004100059020002200100040002200122082001400144084001600158090002000174090002200194100004000216245011100256250003600367300005500403650002500458700002200483850001200505041000800517264003600525336002100561337003000582338002300612990002200635INLIS00000000084766620190522101958 a0010-0519001001ta190522s2018 yoia g ind d a978-602-475-794-6 aYOPDYOGbinderda04223a658.3 a658.3 KIK m aDEP 658.3 KIK m aCB-D.11 2018-245510aKiki Farida Ferine,d1958-epenulis10aManajemen sumber daya manusia: strategi pemberdayaan UMKM /cpenulis, Kiki Farida Ferine, Hendri Sembiring aCetakan pertama: September 2018 ax, 99 halaman :bilustrasi, tabel, grafik ;c25 cm 4aManajemen personalia3 aSembiring, Hendri aYOPDYOG0 aind31aYogyakarta :bDeepublish,c2018 2rdacontentateks 2rdamediaatanpa perantara 2rdacarrieravolume aCB-D.11/2018-2455